| 000 | 00600nmm a2200181Ia 4500 | ||
|---|---|---|---|
| 008 | 251105s9999||||xx |||||||||||||||||und|| | ||
| 020 | _a9789587167177 | ||
| 041 | _aspa | ||
| 100 | _aGarcía Corredor, Claudia Pilar | ||
| 245 | 0 | _aMovimientos sociales e internet | |
| 264 |
_a[Bogotá, Colombia] : _bEditorial Pontificia Universidad Javeriana, _c2014 |
||
| 300 | _a272 páginas | ||
| 650 | _aSocial Sciences (General) | ||
| 700 | _aGarcía Corredor, Claudia Pilar | ||
| 700 | 1 | _a Valencia Rincón, Juan Carlos (eds.) | |
| 856 | _uhttps://public.digitaliapublishing.com/a/44300 | ||
| 942 | _cCF | ||
| 999 |
_c65883 _d65883 |
||